书目信息 |
| 题名: |
复杂产品系统技术创新管理
|
|
| 作者: | 李煜华 著 | |
| 分册: | ||
| 出版信息: | 北京 科学出版社 2013 |
|
| 页数: | 168页 | |
| 开本: | 24cm | |
| 丛书名: | ||
| 单 册: | ||
| 中图分类: | F273.2 | |
| 科图分类: | ||
| 主题词: | 企业管理--产品开发--技术革新 , 企业管理 , 产品开发 , 技术革新 | |
| 电子资源: | ||
| ISBN: | 978-7-03-037770-8 | |
| 000 | 01000nam0 2200277 450 | |
| 001 | 524 | |
| 005 | 20140909092004.45 | |
| 010 | @a978-7-03-037770-8@dCNY48.00 | |
| 100 | @a20130808d2013 em y0chiy50 ea | |
| 101 | 0 | @achi |
| 102 | @aCN@b110000 | |
| 105 | @ay z 000yy | |
| 106 | @ar | |
| 200 | 1 | @a复杂产品系统技术创新管理@AFu Za Chan Pin Xi Tong Ji Shu Chuang Xin Guan Li@f李煜华著@FLi Yu Hua Zhu |
| 210 | @a北京@c科学出版社@d2013 | |
| 215 | @a168页@d24cm | |
| 300 | @a由“黑龙江省高等学校哲学社会科学创新团队建设计划”资助出版 | |
| 330 | @a本书结合复杂产品系统的特点,对技术创新联盟中的信任进行分析,指出技术创新联盟中的信任有一个由初始信任慢慢地向持续性信任转化的过程,同时,提出了复杂产品系统技术创新联盟信任机制建立的难点。 | |
| 606 | 0 | @a企业管理@x产品开发@x技术革新 |
| 606 | 0 | @a企业管理 |
| 606 | 0 | @a产品开发 |
| 606 | 0 | @a技术革新 |
| 690 | @aF273.2@v5 | |
| 701 | 0 | @a李煜华@ALi Yu Hua@f(1970~)@4著 |
| 801 | 0 | @aCN@bTANGWEI@c20140603 |
| 905 | @b0838522-24@dF273.2@e1052@f3 | |
| 复杂产品系统技术创新管理/李煜华著.-北京:科学出版社,2013 |
| 168页;24cm |
| 由“黑龙江省高等学校哲学社会科学创新团队建设计划”资助出版 |
| ISBN 978-7-03-037770-8:CNY48.00 |
| 本书结合复杂产品系统的特点,对技术创新联盟中的信任进行分析,指出技术创新联盟中的信任有一个由初始信任慢慢地向持续性信任转化的过程,同时,提出了复杂产品系统技术创新联盟信任机制建立的难点。 |
| ● |
| 相关链接 |
|
|
|
|
正题名:复杂产品系统技术创新管理
索取号:F273.2/1052
 
预约/预借
| 序号 | 登录号 | 条形码 | 馆藏地/架位号 | 状态 | 备注 |
| 1 | 0838522 | 208385228 | 第一样本阅览室/ [索取号:F273.2/1052] | 在馆 | |
| 2 | 0838523 | 208385237 | 第一借阅区/ [索取号:F273.2/1052] | 在馆 | |
| 3 | 0838524 | 208385246 | 密集书库-海洋学院/ [索取号:F273.2/1052] | 在馆 |